000 00191nam a22000977a 4500
003 SGT
245 _aFluoride
260 _bSpringer Publisher
_c2015-2016
300 _a360,460
942 _2ddc
_cBV
999 _c30253
_d30253